000 00264nam a2200109Ia 4500
008 190216s9999||||xx |||||||||||||| ||und||
100 _aKaur H
245 0 _aIndia Under British 1885 Ad To 1947
260 _bOriental Watchman Pub
650 _aHistory
942 _cBK
999 _c20361
_d20361